Pozycja Personal Name
Liczba rekordów, w których użyto hasła: 1
001 - Numer kontrolny
- control field: 39386
003 - Identyfikator numeru kontrolnego
- control field: NUKAT
005 - Data i czas ostatniej modyfikacji
- control field: 20260401111124.0
008 - Dane kontrolne kodowane (40 znaków)
- fixed length control field: 120125n||a|znnaabn |a aaa |c
010 ## - Numer kontrolny Biblioteki Kongresu
- numer kontrolny LC: n 2012061536
024 7# - OTHER STANDARD IDENTIFIER
- Standard number or code: 32147965846184081595
- Source of number or code: viaf
024 7# - OTHER STANDARD IDENTIFIER
- Standard number or code: 0000000370823646
- Source of number or code: isni
040 ## - Instytucja sporządzająca rekord
- inst. przygot. dane do rek. khw: WA M/LS
- język haseł przedmiotowych/tezaurus: kaba
- inst. wprow. rek. khw: WA M/LS
- inst. modyf. rek. khw: WA U/DUN15ED
043 ## - Kod obszaru geograficznego
- ISO code: PL
046 ## - Special dates
- Birth date: 1972
100 1# - Hasło - nazwa osobowa
- nazwa osobowa w formie ujednoliconej: Kozłowska, Ewa
- daty biograficzne: (1972- ).
370 ## - Associated place
- Place of birth: Olecko (Polska).
- Auth control #: http://nukat.edu.pl/aut/s 97057374
- Source of term: kaba
370 ## - Associated place
- Country: Polska.
- Auth control #: http://nukat.edu.pl/aut/s 94110000
- Source of term: kaba
372 ## - Field of activity
- Field: Tłumaczenie.
- Auth control #: http://nukat.edu.pl/aut/s 96014539
- Source of term: kaba
372 ## - Field of activity
- Field: Filologia francuska.
- Auth control #: http://nukat.edu.pl/aut/s 95010130
- Source of term: kaba
372 ## - Field of activity
- Field: Fotografia artystyczna.
- Auth control #: http://nukat.edu.pl/aut/s 99083588
- Source of term: kaba
372 ## - Field of activity
- Field: Poematy prozą.
- Auth control #: http://nukat.edu.pl/aut/s 2010243048
- Source of term: kaba
374 ## - Occupation
- Occupation: Tłumaczki.
- Auth control #: http://nukat.edu.pl/aut/s 2008273296
- Source of term: kaba
374 ## - Occupation
- Occupation: Romaniści (filologia).
- Auth control #: http://nukat.edu.pl/aut/s 2003105276
- Source of term: kaba
374 ## - Occupation
- Occupation: Fotograficy (kobiety).
- Auth control #: http://nukat.edu.pl/aut/s 99083795
- Source of term: kaba
374 ## - Occupation
- Occupation: Poeci.
- Auth control #: http://nukat.edu.pl/aut/s 98052581
- Source of term: kaba
375 ## - Gender
- Gender: 2
- Source of term: iso5218
377 ## - Assoc lang
- Lang code: pol
- Lang code: fre
670 ## - Źródło informacji
- źródło informacji: Kp. Wielokulturowość / Patrick Savidan. - Warszawa, 2012.
- gdzie znaleziono informację: Tłumacz z francuskiego
670 ## - Źródło informacji
- źródło informacji: Strona internetowa tłumaczki, 30.04.21
- gdzie znaleziono informację: http://www.ewakozlowska.com/kontakt-bio.html
670 ## - Źródło informacji
- źródło informacji: Leksykon kultury Warmii i Mazur, 30.04.21
- adres internetowy: http://leksykonkultury.ceik.eu/index.php/Ewa_Koz%C5%82owska
670 ## - Źródło informacji
- źródło informacji: BNPol online
- gdzie znaleziono informację: (Ewa Kozłowska, tłumacz)